01008 a2200241 4500003000500000005001700005010001700022020001500039035002300054040000900077082001500086100002000101245006500121260003900186300003500225505021600260650003400476650004000510650002200550650003000572856008800602856007600690Nust20230908084645.0 a 2001274566 c0750646403 a(OCoLC)ocm43634155 cNust00a629.89,IBR1 aIbrahim, Dogan.10aMicrocontroller projects in C for the 8051 /cDogan Ibrahim. aOxford ;aBoston :bNewnes,c2000. aviii, 178 p. :bill. ;c24 cm. aMicrocomputer Systems (Page-1), Programming Micro-controllers In C (Page-15), Light Projects (Page-29), Sound Projects (Page-85), Temperature Projects (Page-107), RS232 Serial Communication Projects (Page-147).  0aC (Computer program language) 0aINTEL 8051 (Computer)xProgramming. 0aMicrocontrollers. 0aProgrammable controllers.423Publisher descriptionuhttp://www.loc.gov/catdir/description/els031/2001274566.html423Table of contentsuhttp://www.loc.gov/catdir/toc/els031/2001274566.html